Poesía española / (Record no. 196521)
[ view plain ]
| 000 -LEADER | |
|---|---|
| campo de control de longitud fija | 01301nam a2200349 i 4500 |
| 001 - NÚMERO DE CONTROL | |
| campo de control | 196521 |
| 003 - IDENTIFICADOR DE NÚMERO DE CONTROL | |
| campo de control | ES-MaACL |
| 005 - FECHA Y HORA DE LA ÚLTIMA TRANSACCIÓN | |
| campo de control | 20241013063049.0 |
| 007 - CAMPO FIJO DE DESCRIPCIÓN FÍSICA--INFORMACIÓN GENERAL | |
| campo de control de longitud fija | ta |
| 008 - DATOS DE LONGITUD FIJA--INFORMACIÓN GENERAL | |
| campo de control de longitud fija | 241004b1959 sp ||||| |||| 00| 0 spa d |
| 017 ## - NÚMERO DE COPYRIGHT O DE DEPÓSITO LEGAL | |
| Número de copyright o de depósito legal | M.3276-1958 |
| 040 ## - FUENTE DE CATALOGACIÓN | |
| Lengua de catalogación | spa |
| Centro/agencia transcriptor | ES-MaACL |
| Centro/agencia modificador | ES-MaACL |
| 245 ## - MENCIÓN DEL TÍTULO | |
| Título | Poesía española / |
| Mención de responsabilidad, etc. | Fernando Allue y Morer; Angela Asensio; Fernando de Benito ... et al. |
| 260 ## - PUBLICACIÓN, DISTRIBUCIÓN, ETC. | |
| Lugar de publicación, distribución, etc. | Madrid : |
| Nombre del editor, distribuidor, etc. | Ateneo de Madrid, |
| Fecha de publicación, distribución, etc. | 1959 |
| 300 ## - DESCRIPCIÓN FÍSICA | |
| Extensión | 32 p.; |
| Dimensiones | 30 cm |
| 336 ## - TIPO DE CONTENIDO | |
| Fuente | rdacontent |
| Término de tipo de contenido | texto |
| 337 ## - TIPO DE MEDIO | |
| Fuente | rdamedia |
| Nombre/término del tipo de medio | sin mediación |
| 338 ## - TIPO DE SOPORTE | |
| Fuente | rdacarrier |
| Nombre/término del tipo de soporte | volumen |
| 490 1# - MENCIÓN DE SERIE | |
| Mención de serie | Colección "Poesía española" |
| Designación de volumen o secuencia | II época, n.83 |
| 655 #7 - TERMINO DE INDIZACIÓN--GENERO/FORMA | |
| Fuente del término | tgfbne |
| 9 (RLIN) | 176539 |
| Datos o término principal de género/forma | Poesías |
| 700 1# - ENTRADA AGREGADA--NOMBRE PERSONAL | |
| 9 (RLIN) | 55029 |
| Nombre de persona | García Nieto, José, |
| Fechas asociadas al nombre | 1914-2001 |
| Término indicativo de función/relación | Director |
| 700 0# - ENTRADA AGREGADA--NOMBRE PERSONAL | |
| 9 (RLIN) | 20062 |
| Nombre de persona | Allué y Morer, Fernando |
| Término indicativo de función/relación | Autor |
| 700 0# - ENTRADA AGREGADA--NOMBRE PERSONAL | |
| 9 (RLIN) | 23578 |
| Nombre de persona | Asensio, Angela |
| Término indicativo de función/relación | Autor |
| 700 0# - ENTRADA AGREGADA--NOMBRE PERSONAL | |
| 9 (RLIN) | 27696 |
| Nombre de persona | Benito y de Pena, Fernando de |
| Término indicativo de función/relación | Autor |
| 830 ## - PUNTO DE ACCESO ADICIONAL DE SERIE-TÍTULO UNIFORME | |
| Título uniforme | Colección "Poesía española" |
| Número de parte o sección de la obra | II época, n.83 |
| 9 (RLIN) | 239134 |
| 852 ## - LOCALIZACIÓN | |
| Ubicación | ES-MaACL |
| Ubicación en estantería | Depósito folletos |
| Número de control de estantería | FOLL-BUE-21 |
| Donativo/Legado | Legado: Antonio Buero Vallejo |
| itemnumber | 204234 |
| 903 ## - NOMBRE PERSONAL DE DONANTE | |
| 9 | 32421 |
| a | Buero Vallejo, Antonio, |
| q | 1 |
| d | 1916-2000 |
| e | Donante |
| 942 ## - ELEMENTOS DE ENTRADA SECUNDARIOS (KOHA) | |
| Suprimir en OPAC | No |
| Tipo de ítem Koha | Folleto |
| Estatus retirado | Estado de pérdida | Fuente del sistema de clasificación o colocación | Estado de daño | No para préstamo | Colección | Biblioteca de origen | Biblioteca actual | Ubicación en estantería | Fecha de adquisición | Fuente de adquisición | Total de préstamos | Signatura topográfica completa | Código de barras | Visto por última vez | Precio de reemplazo | Tipo de ítem Koha |
|---|---|---|---|---|---|---|---|---|---|---|---|---|---|---|---|---|
| Clasificación decimal universal | Colección de folletos | Biblioteca del Ateneo de Madrid | Biblioteca del Ateneo de Madrid | Depósito folletos | 04/10/2024 | Legado | FOLL-BUE-21 | 101229057 | 04/10/2024 | 04/10/2024 | Folleto |
